| 000 | 00629nam a2200181 4500 | ||
|---|---|---|---|
| 001 | 148177 | ||
| 003 | ES-MaACL | ||
| 005 | 20250905123717.0 | ||
| 007 | t| | ||
| 008 | 070214s1929 sp r ||||1| spa d | ||
| 100 | 1 |
_aStammler, Rudolf. _9107878 |
|
| 245 | 1 | 0 |
_aEconomía y Derecho según la concepción materialista de la historia _b: una investigación filosófica social / _cRudolf Stammler ; traducida del alemán (4ª edición) por W. Roces. |
| 260 |
_aMadrid : _bReus, _c1929. |
||
| 300 |
_a672 p. ; _c23 cm. |
||
| 700 | 1 |
_aRoces, Wenceslao, _d1897-1992 _998039 |
|
| 852 |
_aES-MaACL _jF-15148 |
||
| 999 |
_c148177 _d148177 |
||